<?xml version="1.0" encoding="UTF-8"?>
<record
    xmlns:xsi="http://www.w3.org/2001/XMLSchema-instance"
    xsi:schemaLocation="http://www.loc.gov/MARC21/slim http://www.loc.gov/standards/marcxml/schema/MARC21slim.xsd"
    xmlns="http://www.loc.gov/MARC21/slim">

  <leader>01160nam0a22002651  4500</leader>
  <controlfield tag="001">v19\rc\1196379</controlfield>
  <controlfield tag="005">20260406143840.0</controlfield>
  <datafield tag="035" ind1=" " ind2=" ">
    <subfield code="a">(NLR Aleph) 004363142</subfield>
  </datafield>
  <datafield tag="090" ind1=" " ind2=" ">
    <subfield code="a">3400234</subfield>
    <subfield code="c">3400234</subfield>
  </datafield>
  <datafield tag="100" ind1=" " ind2=" ">
    <subfield code="a">20060306d1860    |||y0rusy50      ca</subfield>
  </datafield>
  <datafield tag="101" ind1="0" ind2=" ">
    <subfield code="a">rus</subfield>
  </datafield>
  <datafield tag="102" ind1=" " ind2=" ">
    <subfield code="a">RU</subfield>
  </datafield>
  <datafield tag="105" ind1=" " ind2=" ">
    <subfield code="a">y   z   |||||</subfield>
  </datafield>
  <datafield tag="200" ind1="1" ind2=" ">
    <subfield code="a">&#x411;&#x44B;&#x43B;&#x43E;&#x435; &#x438; &#x434;&#x443;&#x43C;&#x44B;</subfield>
    <subfield code="e">&#x41B;&#x438;&#x442;&#x43E;&#x433;&#x440;. &#x43C;&#x43E;&#x441;&#x43A;. &#x441;&#x442;&#x443;&#x434;&#x435;&#x43D;&#x447;. &#x43A;&#x440;&#x443;&#x436;&#x43A;&#x43E;&#x43C; &#x417;&#x430;&#x438;&#x447;&#x43D;&#x435;&#x432;&#x441;&#x43A;&#x43E;&#x433;&#x43E; &#x438; &#x410;&#x440;&#x433;&#x438;&#x440;&#x43E;&#x43F;&#x443;&#x43B;&#x43E;</subfield>
  </datafield>
  <datafield tag="210" ind1=" " ind2=" ">
    <subfield code="a">&#x41C;&#x43E;&#x441;&#x43A;&#x432;&#x430;</subfield>
    <subfield code="d">1860</subfield>
  </datafield>
  <datafield tag="300" ind1=" " ind2=" ">
    <subfield code="a">&#x41B;&#x438;&#x442;&#x43E;&#x433;&#x440;. &#x43C;&#x43E;&#x441;&#x43A;. &#x441;&#x442;&#x443;&#x434;&#x435;&#x43D;&#x447;. &#x43A;&#x440;&#x443;&#x436;&#x43A;&#x43E;&#x43C; &#x417;&#x430;&#x438;&#x447;&#x43D;&#x435;&#x432;&#x441;&#x43A;&#x43E;&#x433;&#x43E; &#x438; &#x410;&#x440;&#x433;&#x438;&#x440;&#x43E;&#x43F;&#x443;&#x43B;&#x43E;</subfield>
  </datafield>
  <datafield tag="327" ind1="0" ind2=" ">
    <subfield code="a">&#x411;. &#x41A;&#x43E;&#x437;&#x44C;&#x43C;&#x438;&#x43D;. "&#x41F;.&#x413;. &#x417;&#x430;&#x438;&#x43D;&#x447;&#x435;&#x432;&#x441;&#x43A;&#x438;&#x439;", &#x441;&#x442;&#x440;. 49</subfield>
  </datafield>
  <datafield tag="464" ind1=" " ind2="0">
    <subfield code="1">2001#$a&#x41F;.&#x413;. &#x417;&#x430;&#x438;&#x43D;&#x447;&#x435;&#x432;&#x441;&#x43A;&#x438;&#x439;</subfield>
    <subfield code="1">700#1$a&#x41A;&#x43E;&#x437;&#x44C;&#x43C;&#x438;&#x43D;$b&#x411;.</subfield>
    <subfield code="t">&#x41F;.&#x413;. &#x417;&#x430;&#x438;&#x43D;&#x447;&#x435;&#x432;&#x441;&#x43A;&#x438;&#x439;</subfield>
    <subfield code="a">&#x41A;&#x43E;&#x437;&#x44C;&#x43C;&#x438;&#x43D;, &#x411;.</subfield>
  </datafield>
  <datafield tag="700" ind1=" " ind2="1">
    <subfield code="8">rus</subfield>
    <subfield code="7">ca</subfield>
    <subfield code="a">&#x413;&#x435;&#x440;&#x446;&#x435;&#x43D;</subfield>
    <subfield code="b">&#x410;. &#x418;.</subfield>
    <subfield code="f">1812-1870</subfield>
    <subfield code="g">&#x410;&#x43B;&#x435;&#x43A;&#x441;&#x430;&#x43D;&#x434;&#x440; &#x418;&#x432;&#x430;&#x43D;&#x43E;&#x432;&#x438;&#x447;</subfield>
    <subfield code="3">RU\NLR\AUTH\773922</subfield>
    <subfield code="9">113911</subfield>
  </datafield>
  <datafield tag="801" ind1=" " ind2="0">
    <subfield code="a">RU</subfield>
    <subfield code="b">NLR</subfield>
    <subfield code="g">psbo</subfield>
  </datafield>
  <datafield tag="801" ind1=" " ind2="1">
    <subfield code="a">RU</subfield>
    <subfield code="b">ProSoft-M</subfield>
    <subfield code="2">rusmarc</subfield>
  </datafield>
  <datafield tag="830" ind1=" " ind2=" ">
    <subfield code="a">&#x418;&#x441;&#x442;.: "&#x420;&#x443;&#x441;&#x441;&#x43A;. &#x43F;&#x43E;&#x434;&#x43F;. &#x438; &#x437;&#x430;&#x440;. &#x43F;&#x435;&#x447;&#x430;&#x442;&#x44C;". &#x2116; 112</subfield>
  </datafield>
  <datafield tag="830" ind1=" " ind2=" ">
    <subfield code="a">&#x421;&#x43C;. &#x413;&#x435;&#x440;&#x446;&#x435;&#x43D;, &#x410;.&#x418;. "&#x417;&#x430;&#x43F;&#x430;&#x434;"</subfield>
  </datafield>
  <datafield tag="942" ind1=" " ind2=" ">
    <subfield code="c">BOOK</subfield>
  </datafield>
  <datafield tag="980" ind1=" " ind2=" ">
    <subfield code="a">NB</subfield>
  </datafield>
</record>
